Проблемы наследования по завещанию и по закону в гражданском праве России Статья
Gardado en:
| Autor Principal: | |
|---|---|
| Formato: | Статья |
| Acceso en liña: | https://znanium.com/catalog/document?id=103789 https://znanium.com/cover/0343/343885.jpg |
| Метки: |
Engadir etiqueta
Sen Etiquetas, Sexa o primeiro en etiquetar este rexistro!
|
| LEADER | 01263nam0a2200205 i 4500 | ||
|---|---|---|---|
| 001 | RU\infra-m\znanium\bibl\343885 | ||
| 003 | https://znanium.com/catalog/document?id=103789 | ||
| 005 | 20190327000000.0 | ||
| 100 | |a 20190327d2012 m y0rusy0150 ca | ||
| 101 | 0 | |a rus | |
| 102 | |a RU | ||
| 200 | 1 | |a Проблемы наследования по завещанию и по закону в гражданском праве России |e Статья |f Юго-Западный государственный университет | |
| 210 | 1 | |a Москва |c Издательство Современного гуманитарного университета (СГУ) |d 2006 | |
| 215 | |a 10 с. | ||
| 333 | |a Аспирантура | ||
| 608 | |a Статья |2 local | ||
| 700 | 1 | |a Кириллова |b Е.А. |g Елена Анатольевна |p Юго-Западный государственный университет | |
| 801 | 0 | |a RU |b Общество с ограниченной ответственностью «ЗНАНИУМ» |c 20120130 |2 rusmarc | |
| 856 | 4 | |a znanium.com |m ebs_support@infra-m.ru |n НИЦ ИНФРА-М |u https://znanium.com/catalog/document?id=103789 | |
| 856 | 4 | 1 | |a znanium.com |d /cover/0343 |f 343885.jpg |q image/jpeg |u https://znanium.com/cover/0343/343885.jpg |